Mathematics on the internet: (Record no. 13934)

000 -LEADER
fixed length control field 00678nam a22001817a 4500
008 - FIXED-LENGTH DATA ELEMENTS--GENERAL INFORMATION
fixed length control field 160921b xxu||||| |||| 00| 0 eng d
020 ## - INTERNATIONAL STANDARD BOOK NUMBER
International Standard Book Number 0130618950
050 ## - LIBRARY OF CONGRESS CALL NUMBER
Classification number QA 11.5
Item number .A64 2002
100 ## - MAIN ENTRY--PERSONAL NAME
Personal name Ameis, Jerry A.
245 ## - TITLE STATEMENT
Title Mathematics on the internet:
Remainder of title aresourcs for K-12 teachers/
Statement of responsibility, etc. Jerry A. Ameis
250 ## - EDITION STATEMENT
Edition statement 2nd ed.
260 ## - PUBLICATION, DISTRIBUTION, ETC. (IMPRINT)
Place of publication, distribution, etc. Upper saddle river:
Name of publisher, distributor, etc. Merril prentice hall;
Date of publication, distribution, etc. 2002.
300 ## - PHYSICAL DESCRIPTION
Extent ix,130p. :ill. ;
Other physical details Includes bibliographical references
Dimensions 15cm
650 ## - SUBJECT ADDED ENTRY--TOPICAL TERM
Topical term or geographic name as entry element Mathematics
General subdivision study and teaching
Chronological subdivision cpmputer network resources.
650 ## - SUBJECT ADDED ENTRY--TOPICAL TERM
Topical term or geographic name as entry element Internet in education.
700 ## - ADDED ENTRY--PERSONAL NAME
Personal name Ebenezer, Jazlin V.
942 ## - ADDED ENTRY ELEMENTS (KOHA)
Source of classification or shelving scheme
Koha item type Hard Covered Materials
Classification part QA 11.5 .A64 2002
Holdings
Withdrawn status Lost status Source of classification or shelving scheme Damaged status Not for loan Home library Current library Shelving location Date acquired Source of acquisition Total Checkouts Full call number Barcode Date last seen Price effective from Koha item type
          MACHAKOS UNIVERSITY LIBRARY MACHAKOS UNIVERSITY LIBRARY Open shelf 21/09/2016 Donation(BFA)   QA 11.5 .A64 2002 22975 21/09/2016 21/09/2016 Hard Covered Materials
© Machakos University Library, Along The Highway, Machakos Wote Rd, Machakos, Kenya P.O. Box 136 - 90100 Machakos - Kenya

Tel: ( +254 ) 723 805829 OR Fax : 044-20353 OR Email: library@mksu.ac.ke